000
00344nam a2200145Ia 4500
003
OSt
005
20240215120959.0
008
170524s9999 xx 000 0 und d
020
_a
8190722492
040
_c
IIMT UNIVERSITY
100
_a
GOEL
245
0
_a
MATERIAL SCIENCE & ENGINEERING
260
_b
NEW DELHI: VAYU EDUCATION
942
_2
ddc
_c
02
999
_c
7604
_d
7604